| 000 | 00703nam a2200193Ia 4500 | ||
|---|---|---|---|
| 999 |
_c14728 _d14728 |
||
| 082 | _aTR.0118 | ||
| 100 | _aRam Pyare | ||
| 245 | 0 | _aHarijan yuvako ka rajnitik samajikaran : Chamar jati ke vidhyarthiyo par aadharit ek samaj vaigyanik adhyayan | |
| 260 |
_c1981 _bBanaras Hindu University |
||
| 300 | _a584p. + C D - 53 | ||
| 650 | _aSCHEDULED CASTES AND SCHEDULED TRIBES - STUDENTS///CHAMARS, THE - STUDENTS | ||
| 650 | _aPOLITICAL SOCIALIZATION - INDIA | ||
| 650 | _aCHAMARS, THE - STUDENTS | ||
| 650 | _aYOUTH - SOCIO-ECONOMIC STATUS | ||
| 650 | _aYOUTH - POLITICAL ACTIVITY | ||
| 650 | _aSOCIALIZATION, POLITICAL//POLITICAL SOCIALIZATION | ||
| 710 | _aShrivastava, S.K. | ||
| 942 |
_cTH _2ddc |
||